Soy el Enano de la mano larga-larga (novela alter-ego-maníaca) / Jorge Jiménez

Gespeichert in:
Bibliographische Detailangaben
1. Verfasser: Jiménez, Jorge
Format: Buch
Sprache:Spanish
Veröffentlicht: San José, Costa Rica Editorial Arlekín 2012
Schlagworte:
Tags: Tag hinzufügen
Keine Tags, Fügen Sie den ersten Tag hinzu!

MARC

LEADER 00000nam a2200000Ia 4500
008 170316s9999 xx 000 0 spa d
020 |a 978-9968-47-537-2 
040 |a cru BVZT 
090 |a 868 J-4.1s 
100 |a Jiménez, Jorge 
245 |a Soy el Enano de la mano larga-larga (novela alter-ego-maníaca) / Jorge Jiménez 
260 |a San José, Costa Rica  |b Editorial Arlekín  |c 2012 
300 |a 132 páginas 
650 |a LITERATURA COSTARRICENSE  |9 17 
650 0 |a NOVELA  |9 13 
942 0 0 |2 z  |c 15 D 
999 |c 30950  |d 30950